000 00569nam a2200193Ia 4500
001 21571
003 GE_BSU
008 181216s||||||||xx |||||||||||||| ||und||
040 _cGE_BSU
245 _aКлиническая медицина. Том 96. №8, 2017.
245 _cГл. ред. В.Б.Симоненко.
260 _aМосква
260 _c2017
300 _a768 стр. 29 см.
653 _aКлиническая медицина. Том 96. №8, 2017.
653 _aПериодика
653 _aპერიოდიკა
942 _cCR
999 _c54508
_d54508